ระบบห้องสมุดอัตโนมัติ ULibM
วิทยาลัยพยาบาลบรมราชชนนี พระพุทธบาท
เปลี่ยนเป็นภาษาไทย

Change to English
 แสดงรายละเอียดบรรณานุกรม
  กลับหน้าหลัก

Brief Record : Get Marc (ISO 2709) : E-mail record : QR code ปิดหน้าต่าง
สารบัญ Review โดย ไม่พบชื่อเจ้าหน้าที่ห้องสมุด new เมื่อ30/เมษายน/2564
บทที่ 1 หลักการใช้ยาปฏิชีวนะ
บทที่ 2 โรคริกเก็ตเซีย
บทที่ 3 โรคเมลิออยด์
บทที่ 4 โรคเลปโตสไปโรซิส
บทที่ 5 โรคติดเชื้อโมโนนิวคลีโอสิส
บทที่ 6 โรคติดเชื้อเอชไอวี
บทที่ 7 โรคติดเชื้อฉวยโอกาสในผู้ป่วยเอดส์
บทที่ 8 บาดทะยัก
บทที่ 9 โรคพิษสุนัขบ้า
บทที่ 10 ฝีในสมอง
บทที่ 11 ไข้สมองอักเสบ
บทที่ 12 โรคข้อสันหลัอักเสบยึดติด
บทที่ 13 โรคข้ออักเสบรีแอกทีป
บทที่ 14 โรคข้ออักเสบสะเก็ดเงิน
บทที่ 15 โรคข้อเสื่อม
บทที่ 16 โรคข้ออักเสบรูมาตอยด์
บทที่ 17 โรคเกาต์
บทที่ 18 โรคข้อจากผลึกแคลเซียมไพโรฟอสเฟต
บทที่ 19 ข้ออักเสบติดเชื้อแบคทีเรีย
บทที่ 20 โรคหลอดเลือดอักเสบ
บทที่ 21 โรคหนังแข็ง
บทที่ 22 โรคเอสแอลอี
บทที 23 การติดเชื้อแบคทีเรียทีผิวหนังชั้นตื้น
บทที่ 24 การติดเชื้อราที่ผิวหนังชั้นตื้นกิริยาภูมิไวเกิน
บทที่ 25 การติดเชื้อไวรัสที่ผิวหนัง
บทที่ 26 ปฏิกิริยาภูมิไวเกิน
บทที่ 27 ผื่นแพ้ยา

E-books : เกี่ยวกับ Collections
LEADER 00000nam 2200000uu 4500
001    13399129582
003     ULIBM
008    020711s2563 th a 000 0 tha d
020    9786164881174
060    WB100 ร491 2563
100    บรรณาธิการ, หทัยวรรณ รัตนบรรเจิดกุล
245    โรคทางอายุรศาสตร์ที่พบบ่อย เล่ม 4
250    พิมพ์ครั้งที่ 1
260    ปทุมธานี :^bภาควิชาอายุรศาสตร์ คณะแพทยศาสตร์ มหาวิทยาลัยธรรมศาสตร์,^c2563
300    368 หน้า ;^c21 ซม.
501    Bookshelf: WB 1/1
700 0  บรรณาธิการ, กนกกาญจน์ ชูพิศาลยโรจน์
700 0  บรรณาธิการ, กานน จตุวรพฤกษ์
700 0  บรรณาธิการ, สุทธิชัย วิสุทธิชัยกิจ
999    ^aนางสาวณิชาพร เกตุศีระ
รายการนี้ยังไม่มีแท็ก
คุณยังไม่ได้ล็อกอิน คุณสามารถมีกิจกรรมร่วมกับเว็บไซต์ได้ แต่ต้องล็อกอินก่อน ::
  ล็อกอิน
ลำดับที่ ประเภท เลขเรียก สถานที่ สถานะ
1. หนังสือ
หนังสือ
WB100 ร491 2563 c.1 
  
วิทยาลัยพยาบาลบรมราชชนนี พระพุทธบาท
►หนังสือทั่วไป
On Shelf
2. หนังสือ
หนังสือ
WB100 ร491 2563 c.2 
  
วิทยาลัยพยาบาลบรมราชชนนี พระพุทธบาท
►หนังสือทั่วไป
On Shelf
3. หนังสือ
หนังสือ
WB100 ร491 2563 c.3 
  
วิทยาลัยพยาบาลบรมราชชนนี พระพุทธบาท
►หนังสือทั่วไป
On Shelf
4. หนังสือ
หนังสือ
WB100 ร491 2563 c.4 
  
วิทยาลัยพยาบาลบรมราชชนนี พระพุทธบาท
►หนังสือทั่วไป
On Shelf
5. หนังสือ
หนังสือ
WB100 ร491 2563 c.5 
  
วิทยาลัยพยาบาลบรมราชชนนี พระพุทธบาท
►หนังสือทั่วไป
On Shelf
   [แสดง 5/5 รายการ]

รายการใกล้เคียง
    ผู้แต่ง [บรรณาธิการ, หทัยวรรณ รัตนบรรเจิดกุล]

Bib 13399129582